| 000 | 00467nam a2200145 4500 | ||
|---|---|---|---|
| 008 | 151027b xxu||||| |||| 00| 0 eng d | ||
| 020 | _a9789966461117 | ||
| 050 | _aAFR PR 9381.9 .143 2012 | ||
| 100 |
_aImbuga Francis _d2012 |
||
| 245 |
_aThe Successor/ _cFrancis Imbuga |
||
| 260 |
_aNairobi, _bStima Printers, _c2012 |
||
| 300 |
_a66p.: _c17cm. |
||
| 650 | _aAfrican Literature | ||
| 942 |
_2lcc _cSH_L_BOOKS _hAFR PR 9381.9 .143 2012 _093 |
||
| 999 |
_c9418 _d9418 |
||